MARC details
| 000 -CABECERA |
| campo de control de longitud fija |
03277nam a22003617i 4500 |
| 003 - IDENTIFICADOR DEL NÚMERO DE CONTROL |
| campo de control |
DO-SdBNP |
| 005 - FECHA Y HORA DE LA ÚLTIMA TRANSACCIÓN |
| campo de control |
20231122141351.0 |
| 006 - CÓDIGOS DE INFORMACIÓN DE LONGITUD FIJA--CARACTERÍSTICAS DEL MATERIAL ADICIONAL |
| campo de control de longitud fija |
a||||gr|||| 00| 0 |
| 007 - CAMPO FIJO DE DESCRIPCIÓN FÍSICA--INFORMACIÓN GENERAL |
| campo de control de longitud fija |
ta |
| 008 - DATOS DE LONGITUD FIJA--INFORMACIÓN GENERAL |
| campo de control de longitud fija |
210723e2020 dr adc fr 00| 1 edspa d |
| 020 ## - NÚMERO INTERNACIONAL ESTÁNDAR DEL LIBRO |
| Número Internacional Estándar del Libro |
9789945613452 |
| 040 ## - FUENTE DE LA CATALOGACIÓN |
| Centro catalogador/agencia de origen |
DO-SdBNP |
| Lengua de catalogación |
spa |
| Centro/agencia transcriptor |
BNPHU |
| Normas de descripción |
rda |
| 082 #4 - NÚMERO DE LA CLASIFICACIÓN DECIMAL DEWEY |
| Número de clasificación |
027.5 |
| Número de documento/Ítem |
E56m 2018 |
| Número de edición |
22 |
| 111 1# - ENTRADA PRINCIPAL--NOMBRE DE CONGRESO/REUNIÓN |
| Nombre de congreso/reunión o jurisdicción como elemento de entrada |
Encuentro Nacional de Archivos de la República Dominicana |
| Número del congreso/reunión o número de parte o sección |
(6to. : |
| Fecha del congreso/reunión |
2018 : |
| Sede del congreso/Lugar de la reunión |
Santo Domingo ) |
| 9 (RLIN) |
79367 |
| 245 10 - MENCIÓN DE TÍTULO |
| Título |
Memorias del 6to. Encuentro Nacional de Archivos : |
| Resto del título |
gestión documental : administración electrónica / |
| Mención de responsabilidad, etc. |
Cuidado de edición ; Raymundo González, Ángel Hernández. |
| 246 10 - FORMA VARIANTE DE TÍTULO |
| Título propio/Titulo breve |
Gestión documental : administración electrónica |
| 264 1# - PRODUCCIÓN, PUBLICACIÓN, DISTRIBUCIÓN, FABRICACIÓN Y COPYRIGHT |
| Producción, publicación, distribución, fabricación y copyright |
Santo Domingo : |
| Nombre del de productor, editor, distribuidor, fabricante |
Archivo General de la Nación, |
| Fecha de producción, publicación, distribución, fabricación o copyright |
2020. |
| 300 ## - DESCRIPCIÓN FÍSICA |
| Extensión |
156 páginas : |
| Otras características físicas |
Ilustraciones., gráficas, retratos. ; |
| Dimensiones |
25 cm. |
| 336 ## - TIPO DE CONTENIDO |
| Fuente |
rdacontent |
| Término de tipo de contenido |
texto |
| Código de tipo de contenido |
txt |
| 337 ## - TIPO DE MEDIO |
| Fuente |
rda media |
| Nombre/término del tipo de medio |
sin mediación |
| Código del tipo de medio |
n |
| 338 ## - TIPO DE SOPORTE |
| Fuente |
rdacarrier |
| Nombre/término del tipo de soporte |
volumen |
| Código del tipo de soporte |
nc |
| 490 ## - MENCIÓN DE SERIE |
| Mención de serie |
Archivo General de la Nación ; |
| Designación de volumen o secuencia |
378 |
| 505 0# - NOTA DE CONTENIDO CON FORMATO |
| Nota de contenido con formato |
Presentación, 9.-- Discurso de apertura: «Gestión documental y administración electrónica» / Roberto Cassá, 11.-- Los desafíos de la gestión del documento electrónico desde una perspectiva archivística / Ramón Alberch i Fugueras, 21.-- Marco normativo de tecnologías de la información y comunicación / Glenny Castro, 31.-- La gestión de los datos de carácter personal en los archivos a través del nuevo reglamento europeo de protección de datos personales / Cristina Díaz Martínez, 37.-- Normas sobre tecnologías de la información y comunicación NORTIC A2, A3 y E1 para el desarrollo y gestión de los medios Web, Datos Abiertos y Redes Sociales de Estado Dominicano / Huáscar Frías Vilorio, 49.-- Aspectos legales de la Firma Digital en República Dominicana / Jasmín Fabré, 59.-- Oficina paperless: los pasos previos / Marie-France Balasse, 63.-- La gestión de documentos electrónicos en la Comunidad de Madrid / Antonio González Quintana, 77.-- Firma Digital en la gestión documental / Jasmín Fabré, 99.-- La transición del documento analógico al documento digital: problemas y retos para la administración pública actual / Ramón Aguilera Murguía, 103.-- Plenaria: implementación del Archivo Digital Nacional / Erika Rangel, 111.-- El legado digital de la Junta Central Electoral / Juan Karlos Saladín, 115.-- Índice de uso de TIC e implementación de Gobierno Electrónico en el Estado Dominicano / Melvin Hilario, 121.-- Gobierno Digital / Armando García, 129.-- Palabras de clausura del 6.º Encuentro Nacional de Archivos / José Vílchez, 131.-- Anexos, 135.-- Lista de participantes por institución, 137.-- Programa del evento, 145.-- Fotos 6.º Encuentro Nacional de Archivos, 147. |
| 590 ## - NOTA LOCAL (RLIN) |
| Nota local |
Inventariado 2023 / MF<br/><br/> |
| 650 #4 - PUNTO DE ACCESO ADICIONAL DE MATERIA--TÉRMINO DE MATERIA |
| Término de materia o nombre geográfico como elemento de entrada |
Documentos electrónicos |
| Subdivisión general |
Administración |
| 9 (RLIN) |
81238 |
| 650 #4 - PUNTO DE ACCESO ADICIONAL DE MATERIA--TÉRMINO DE MATERIA |
| Término de materia o nombre geográfico como elemento de entrada |
Administración de archivos |
| 9 (RLIN) |
81239 |
| 650 #4 - PUNTO DE ACCESO ADICIONAL DE MATERIA--TÉRMINO DE MATERIA |
| Término de materia o nombre geográfico como elemento de entrada |
Administración de sistemas de información |
| 9 (RLIN) |
47313 |
| 650 #4 - PUNTO DE ACCESO ADICIONAL DE MATERIA--TÉRMINO DE MATERIA |
| Término de materia o nombre geográfico como elemento de entrada |
Archivos |
| Subdivisión general |
Congreso, conferencias, etc. |
| Subdivisión cronológica |
2018. |
| Subdivisión geográfica |
República Dominicana |
| 9 (RLIN) |
81321 |
| 700 1# - PUNTO DE ACCESO ADICIONAL--NOMBRE DE PERSONA |
| Nombre de persona |
González, Raymundo, |
| Fechas asociadas al nombre |
1961- |
| Término indicativo de función/relación |
editor |
| 9 (RLIN) |
627 |
| 700 1# - PUNTO DE ACCESO ADICIONAL--NOMBRE DE PERSONA |
| Nombre de persona |
Hernández, Ángel, |
| Término indicativo de función/relación |
editor |
| 9 (RLIN) |
11092 |
| 910 ## - DATOS DE OPCIÓN DEL USUARIO (OCLC) |
| Datos de opción del usuario |
Lopérez/Validado. Control de calidad MFF |
| 942 ## - ELEMENTOS DE PUNTO DE ACCESO ADICIONAL (KOHA) |
| Fuente del sistema de clasificación o colocación |
Dewey Decimal Classification |
| Tipo de ítem Koha |
Libro |